| 000 -LEADER |
| fixed length control field |
00357cam a22001097a 4500 |
| 008 - FIXED-LENGTH DATA ELEMENTS--GENERAL INFORMATION |
| fixed length control field |
180718b1910 xxu||||| |||| 00| 0 eng d |
| 082 ## - DEWEY DECIMAL CLASSIFICATION NUMBER |
| Classification number |
C43x54 W155 |
| 100 ## - MAIN ENTRY--PERSONAL NAME |
| Personal name |
Wallace, Lieut.-Colonel R. |
| 245 ## - TITLE STATEMENT |
| Title |
The guicowar, and his relation with the bristish government |
| Statement of responsibility, etc. |
by Lieut.-Colonel R. Wallace |
| 260 ## - PUBLICATION, DISTRIBUTION, ETC. |
| Place of publication, distribution, etc. |
Bombay |
| Name of publisher, distributor, etc. |
The Times Press |
| Date of publication, distribution, etc. |
1910 |
| 300 ## - PHYSICAL DESCRIPTION |
| Extent |
ii,717p. |